000 00793nam a2200217 i 4500
001 45112
003 ES-MaACL
005 20250827035057.0
007 t|
008 030325s1964 sp ||||1| cat d
100 1 _aCodina y Ramón, Pablo.
_939438
245 1 0 _aCamping
_b: técnica, orientacions generals /
_cPau Codina i Ramon ; illustracions de Jaume Ramón i Morros ; proleg de F. Martínez Massó.
260 _aBarcelona :
_bRafael Dalmau,
_c[1964]
300 _a96 p., 5 lám. ;
_c17 cm.
500 _aPrecede al tít.: Unió Excursionista de Catalunya.
700 1 _aRamón i Morros, Jaume.
_995216
700 1 _aMartínez Massó, F.
_978218
710 2 _aUnió Excursionista de Catalunya (Barcelona)
_97004
852 _aES-MaACL
_jC-25743
_bR.54413
999 _c45112
_d45112